000 nam a22 7a 4500
999 _c62632
_d62632
005 20210923170213.0
008 210923b xxu||||| |||| 00| 0 eng d
040 _aANE
041 _aEs
100 _aBASTIDAS NAVARRETE ESTEBAN
245 _aDESARROLLO DE UN PORTAL WEB PARA LA SISTEMATIZACIÒN Y CONTROL DE INFORMACIÒN EN LA BIBLIOTECA
300 _a145 p.
856 _uhttp://documentacion.asambleanacional.gob.ec/alfresco/d/d/workspace/SpacesStore/576d4a82-87b9-4722-a7da-d9b00a901588/TESIS%20DESARROLLO%20DE%20UN%20PORTAL%20WEB%20PARA%20LA%20SISTEMATIZACI%c3%92N%20Y%20CONTROL%20DE%20INFORMACI%c3%92N%20EN%20LA%20BIBLIOTECA%20C.M.pdf
942 _2ddc
_cBV
_zNr.